000 00517nam a2200181Ia 4500
008 100917s9999 xx 000 0 und d
082 _b39073
100 _aमोकाशी दि. बा.
245 _aसोन्याची कथा
260 _bअनिरूध्द साहित्य
_c1973
300 _a63
365 _b3.5
520 _aकथा
630 _aसोन्याची कथा
650 _aकथा
730 _aसोन्याची कथा
942 _cBOOK
999 _c644467
_d644464